[Event "Sao Paulo Sampa op"]
[Site "Sao Paulo"]
[Date "2024.01.30"]
[Round "2"]
[White "Cunha, Lucas Aguiar"]
[Black "Dos Santos, Haroldo Cunha Jr"]
[Result "1/2-1/2"]
[WhiteElo "2239"]
[BlackElo "2033"]
[PlyCount "100"]
[EventDate "2024.01.29"]
[EventType "swiss"]
[EventRounds "9"]
[EventCountry "BRA"]
[SourceTitle "CB06_2024"]
[SourceDate "2024.02.07"]
[SourceVersion "1"]
[SourceVersionDate "2024.02.07"]
[SourceQuality "1"]

1. e4 e5 2. Nf3 Nc6 3. Nc3 d6 4. d4 exd4 5. Nxd4 Nf6 6. Bb5 Bd7 7. 0-0 Be7 8. Bf4 Na5 9. Nf5 Bf8 10. Bxd7+ Qxd7 11. Qd4 Nc6 12. Qa4 g6 13. Bg5 Ng8 14. Ne3 Bg7 15. Ned5 f6 16. Bh4 h5 17. f4 a6 18. Rad1 0-0-0 19. e5 fxe5 20. Bxd8 Nxd8 21. Qxd7+ Kxd7 22. f5 gxf5 23. Rxf5 c6 24. Rg5 Ne6 25. Nb6+ Kc7 26. Rg6 Rh6 27. Rxh6 Nxh6 28. Na8+ Kd7 29. Ne4 d5 30. Nb6+ Kc7 31. Nxd5+ cxd5 32. Rxd5 Nf5 33. c3 Kc6 34. Rd1 h4 35. Kf2 Bh6 36. Kf3 Ng5+ 37. Nxg5 Bxg5 38. Ke4 Nd6+ 39. Kxe5 Nc4+ 40. Ke6 Nxb2 41. Rd6+ Kc7 42. Rd7+ Kc6 43. Rg7 Bf4 44. Rg4 Bxh2 45. Rxh4 Bg3 46. Rb4 Nd3 47. Rg4 Be1 48. c4 a5 49. Rd4 Nb4 50. Re4 Bc3 1/2-1/2

[Event "Titled Tuesday intern op 16th Jan Early"]
[Site "Chess.com INT"]
[Date "2024.01.16"]
[Round "6"]
[White "Cunha, Lucas Aguiar"]
[Black "Kleibel, Uwe"]
[Result "1-0"]
[WhiteElo "2230"]
[BlackElo "2302"]
[PlyCount "63"]
[EventDate "2024.01.16"]
[EventType "swiss (blitz)"]
[EventRounds "11"]
[EventCountry "USA"]
[SourceTitle "CB04_2024"]
[SourceDate "2023.10.16"]
[SourceVersion "1"]
[SourceVersionDate "2023.10.16"]
[SourceQuality "1"]

1. e4 c6 2. d4 d5 3. e5 c5 4. dxc5 e6 5. a3 Bxc5 6. b4 Bb6 7. Nf3 a5 8. Bb2 axb4 9. axb4 Rxa1 10. Bxa1 Ne7 11. Bd3 Ng6 12. Qd2 Nd7 13. 0-0 Bc7 14. Re1 0-0 15. g3 b6 16. h4 h6 17. Bd4 Bb7 18. Nc3 Qe7 19. Nb5 Bb8 20. h5 Nh8 21. c3 Ba6 22. Ra1 Bxb5 23. Bxb5 f6 24. Bxd7 Qxd7 25. exf6 gxf6 26. Qxh6 e5 27. Bxb6 Qc6 28. Bc5 Rf7 29. Nh4 Bd6 30. Bxd6 Qxd6 31. Ra8+ Rf8 32. Nf5 1-0

[Event "Titled Tuesday intern op 16th Jan Early"]
[Site "Chess.com INT"]
[Date "2024.01.16"]
[Round "4"]
[White "Cunha, Lucas Aguiar"]
[Black "Korol, Dimitry"]
[Result "1-0"]
[WhiteElo "2230"]
[BlackElo "2287"]
[PlyCount "123"]
[EventDate "2024.01.16"]
[EventType "swiss (blitz)"]
[EventRounds "11"]
[EventCountry "USA"]
[SourceTitle "CB04_2024"]
[SourceDate "2023.10.16"]
[SourceVersion "1"]
[SourceVersionDate "2023.10.16"]
[SourceQuality "1"]

1. e4 c5 2. Nf3 d6 3. d4 cxd4 4. Qxd4 a6 5. Be2 Nc6 6. Qe3 g6 7. 0-0 Bg7 8. c4 Nf6 9. h3 0-0 10. Rd1 Nd7 11. Nc3 Nc5 12. Rb1 a5 13. Nd5 Be6 14. b3 Bxd5 15. exd5 Ne5 16. Nd4 Re8 17. Bb2 Qb6 18. Nb5 Rac8 19. Bd4 Ned7 20. a3 Bxd4 21. Rxd4 a4 22. bxa4 Nxa4 23. Bg4 Nac5 24. Rf4 Ra8 25. Re1 Nf6 26. Bd1 Qa5 27. Rf1 Rac8 28. Qd4 Ncd7 29. Be2 Qb6 30. Qb2 Ne5 31. Re1 Qc5 32. Bf1 Ra8 33. Re3 Rac8 34. Be2 Ra8 35. Qd2 Rac8 36. Rd4 Qb6 37. Qb2 Ra8 38. f4 Ned7 39. Kf2 Qc5 40. Qb4 Rac8 41. Kf3 Kf8 42. g4 Nb6 43. Qb2 Nbd7 44. Qd2 Nb6 45. g5 Nfd7 46. Kg3 Kg8 47. Rc3 Nf8 48. Bg4 Rcd8 49. h4 Ra8 50. Qb2 Rab8 51. Qb4 Ra8 52. Qxc5 dxc5 53. Re4 Na4 54. Rce3 Rab8 55. Rxe7 Rxe7 56. Rxe7 Nb2 57. Re4 Ra8 58. d6 Rd8 59. Kf2 Nd7 60. Bxd7 Rxd7 61. Ke3 Kf8 62. Kd2 1-0

[Event "Titled Tuesday intern op 16th Jan Early"]
[Site "Chess.com INT"]
[Date "2024.01.16"]
[Round "1"]
[White "Cunha, Lucas Aguiar"]
[Black "Xiong, Jeffery"]
[Result "0-1"]
[WhiteElo "2230"]
[BlackElo "2659"]
[PlyCount "36"]
[EventDate "2024.01.16"]
[EventType "swiss (blitz)"]
[EventRounds "11"]
[EventCountry "USA"]
[SourceTitle "CB04_2024"]
[SourceDate "2023.10.16"]
[SourceVersion "1"]
[SourceVersionDate "2023.10.16"]
[SourceQuality "1"]

1. e4 c5 2. Nf3 d6 3. d4 cxd4 4. Qxd4 Nc6 5. Bb5 a6 6. Bxc6+ bxc6 7. 0-0 e5 8. Qd3 Ne7 9. c4 Ng6 10. Nc3 Be7 11. h3 0-0 12. Rd1 Qc7 13. b3 f5 14. Ba3 Rf6 15. Qe3 Qa5 16. Bb2 Nf4 17. Rd2 Rg6 18. Nh4 Bxh4 0-1

[Event "Manaus op 2nd"]
[Site "Manaus"]
[Date "2023.10.16"]
[Round "8"]
[White "Becker, Rogerio Sperb"]
[Black "Cunha, Lucas Aguiar"]
[Result "0-1"]
[WhiteElo "2102"]
[BlackElo "2292"]
[PlyCount "52"]
[EventDate "2023.10.11"]
[EventType "swiss"]
[EventRounds "9"]
[EventCountry "BRA"]
[SourceTitle "Mega2024 Update 01"]
[Source "Chessbase"]
[SourceDate "2023.11.12"]
[SourceVersion "1"]
[SourceVersionDate "2023.11.12"]
[SourceQuality "1"]

1. c4 e6 2. Nf3 Nf6 3. g3 b6 4. Bg2 Bb7 5. 0-0 c5 6. Nc3 Be7 7. b3 0-0 8. Bb2 a6 9. Rc1 d6 10. d4 cxd4 11. Qxd4 Nbd7 12. Rfd1 Qc7 13. Qf4 Rac8 14. e4 Qb8 15. Qe3 b5 16. cxb5 axb5 17. Nd4 b4 18. Nd5 exd5 19. Nf5 Bd8 20. Qg5 Ne8 21. Qh6 Ne5 22. Nxg7 Nxg7 23. f4 Rxc1 24. Rxc1 Qa7+ 25. Kh1 Qxa2 26. Qg5 d4 0-1

[Event "Titled Tuesday intern op 21st Feb Early"]
[Site "Chess.com INT"]
[Date "2023.02.21"]
[Round "2"]
[White "Clawitter, Craig"]
[Black "Cunha, Lucas Aguiar"]
[Result "1/2-1/2"]
[WhiteElo "2050"]
[BlackElo "2309"]
[PlyCount "137"]
[EventDate "2023.02.21"]
[EventType "swiss (blitz)"]
[EventRounds "11"]
[EventCountry "USA"]
[SourceTitle "CBM 212 Extra"]
[Source "ChessBase"]
[SourceDate "2023.03.31"]
[SourceVersion "1"]
[SourceVersionDate "2023.03.31"]
[SourceQuality "1"]

1. e4 c5 2. Nf3 Nc6 3. d4 cxd4 4. Nxd4 e6 5. Nc3 Qc7 6. Be3 a6 7. Qd2 Nf6 8. 0-0-0 Be7 9. f3 0-0 10. g4 b5 11. Kb1 Rd8 12. g5 Nh5 13. f4 Bb7 14. Be2 g6 15. Bxh5 gxh5 16. Qe2 b4 17. Na4 Nxd4 18. Bxd4 Qxf4 19. Qxh5 Bxe4 20. Rhf1 Bg6 21. Qh6 Bf8 22. Rxf4 Bxh6 23. gxh6 Rac8 24. Rf2 Rc6 25. b3 Rdc8 26. Rdd2 d6 27. Nb6 R8c7 28. Nc4 f5 29. Bb6 Rb7 30. Bd8 Kf8 31. Na5 Rbc7 32. Bxc7 Rxc7 33. Rxd6 Ke7 34. Rxa6 f4 35. Kb2 e5 36. Rc6 Rd7 37. Rc5 Kf6 38. Nc4 Re7 39. Re2 f3 40. Rexe5 f2 41. Ne3 Rxe5 42. Rxe5 Kxe5 43. c3 Kf4 44. Nf1 Bd3 45. Ng3 bxc3+ 46. Kxc3 f1Q 47. Nxf1 Bxf1 48. Kd4 Kg5 49. a4 Kxh6 50. b4 Kg7 51. b5 Kf6 52. Kc5 Ke7 53. Kc6 Kd8 54. Kb7 Bg2+ 55. Kb8 Kd7 56. a5 Kd6 57. a6 Kc5 58. a7 Kxb5 59. a8Q Bxa8 60. Kxa8 Kc5 61. Kb7 Kd5 62. Kc7 Ke4 63. Kd6 Kf4 64. Ke6 Kg4 65. Ke5 Kh3 66. Kf5 h5 67. Kg5 h4 68. Kh5 Kxh2 69. Kxh4 1/2-1/2

[Event "Titled Tuesday intern op 21st Feb Early"]
[Site "Chess.com INT"]
[Date "2023.02.21"]
[Round "6"]
[White "Sharapov, Evgeny"]
[Black "Cunha, Lucas Aguiar"]
[Result "1-0"]
[WhiteElo "2375"]
[BlackElo "2309"]
[PlyCount "73"]
[EventDate "2023.02.21"]
[EventType "swiss (blitz)"]
[EventRounds "11"]
[EventCountry "USA"]
[SourceTitle "CBM 212 Extra"]
[Source "ChessBase"]
[SourceDate "2023.03.31"]
[SourceVersion "1"]
[SourceVersionDate "2023.03.31"]
[SourceQuality "1"]

1. e4 c5 2. Nf3 e6 3. d4 cxd4 4. Nxd4 Nc6 5. Nb5 d6 6. Bf4 e5 7. Be3 a6 8. N5c3 Nf6 9. Bg5 h6 10. Bxf6 Qxf6 11. Nd5 Qd8 12. Nbc3 g6 13. a4 Bg7 14. Bd3 0-0 15. 0-0 Be6 16. Kh1 Rc8 17. Qd2 f5 18. f3 Kh7 19. Rfe1 Qh4 20. Ne3 Kh8 21. Bc4 Bxc4 22. Nxc4 Rcd8 23. Ne3 h5 24. Ned5 Nd4 25. Ne2 Ne6 26. Ng3 Kh7 27. c3 Bh6 28. Qc2 f4 29. Nf1 g5 30. Ne7 g4 31. Nf5 Qg5 32. Rad1 gxf3 33. gxf3 Rg8 34. Qf2 Bf8 35. Nd2 Nc5 36. Rg1 Nd3 37. Qe2 1-0

[Event "Titled Tuesday intern op 14th Feb Early"]
[Site "Chess.com INT"]
[Date "2023.02.14"]
[Round "7"]
[White "Colbow, Collin"]
[Black "Cunha, Lucas Aguiar"]
[Result "0-1"]
[WhiteElo "2395"]
[BlackElo "2309"]
[PlyCount "106"]
[EventDate "2023.02.14"]
[EventType "swiss (blitz)"]
[EventRounds "11"]
[EventCountry "USA"]
[SourceTitle "CBM 212 Extra"]
[Source "ChessBase"]
[SourceDate "2023.03.31"]
[SourceVersion "1"]
[SourceVersionDate "2023.03.31"]
[SourceQuality "1"]

1. d4 Nf6 2. Bf4 d5 3. Nf3 c5 4. e3 Nc6 5. c3 Qb6 6. Qc1 Bf5 7. Nbd2 Rc8 8. Nh4 Bd7 9. Qb1 h6 10. Nhf3 Nh5 11. Bg3 Nxg3 12. hxg3 g6 13. Bd3 cxd4 14. exd4 g5 15. Nxg5 Bg7 16. Ngf3 a6 17. 0-0 Bf6 18. Re1 h5 19. Re2 Bg4 20. Bf5 Rd8 21. Bxg4 hxg4 22. Nh2 Rg8 23. Ndf1 Bg5 24. Qf5 e6 25. Qxg4 Ne7 26. Qf3 Rh8 27. Ng4 Kf8 28. Nfh2 Ng6 29. Rae1 Kg7 30. Ne5 Nxe5 31. Rxe5 Bf6 32. R5e2 Rh6 33. Ng4 Rg6 34. Ne5 Rg5 35. Qf4 Qd6 36. Nf3 Rg6 37. Qxd6 Rxd6 38. Ne5 Rg5 39. Nd3 Rd8 40. Nf4 Rh8 41. Nh3 Rgh5 42. f3 R5h6 43. g4 Rg6 44. Kf2 Be7 45. Rd1 Bh4+ 46. Kf1 Bg3 47. b4 Rgh6 48. a4 Kg6 49. b5 Rc8 50. bxa6 bxa6 51. Rd3 Rhh8 52. Rb2 Bc7 53. Rb7 Bb8 0-1

[Event "Titled Tuesday intern op 14th Feb Early"]
[Site "Chess.com INT"]
[Date "2023.02.14"]
[Round "11"]
[White "Derjabin, Ilja"]
[Black "Cunha, Lucas Aguiar"]
[Result "0-1"]
[WhiteElo "2333"]
[BlackElo "2309"]
[PlyCount "70"]
[EventDate "2023.02.14"]
[EventType "swiss (blitz)"]
[EventRounds "11"]
[EventCountry "USA"]
[SourceTitle "CBM 212 Extra"]
[Source "ChessBase"]
[SourceDate "2023.03.31"]
[SourceVersion "1"]
[SourceVersionDate "2023.03.31"]
[SourceQuality "1"]

1. d4 f6 2. e4 e6 3. Nf3 c6 4. Bd3 d5 5. Nbd2 Bd6 6. e5 Bc7 7. exf6 Nxf6 8. 0-0 0-0 9. Re1 c5 10. c3 cxd4 11. cxd4 Nc6 12. Nf1 g6 13. Ng3 Bd7 14. Bg5 Qe7 15. Ne5 Be8 16. Rc1 Qd6 17. Bh6 Bb6 18. Bxf8 Kxf8 19. Nxc6 Bxc6 20. Qd2 Kg7 21. Bb1 Rf8 22. a3 Ng4 23. h3 Nf6 24. Rcd1 Nd7 25. Qg5 e5 26. Nf5+ Rxf5 27. Bxf5 Bxd4 28. Rxd4 exd4 29. Re7+ Kg8 30. Bxd7 Bxd7 31. Qe5 Qxe5 32. Rxe5 Bc6 33. Re7 d3 34. Re3 Bb5 35. Re1 Ba4 0-1

[Event "Titled Tuesday intern op 31st Jan Early"]
[Site "Chess.com INT"]
[Date "2023.01.31"]
[Round "4"]
[White "Cunha, Lucas Aguiar"]
[Black "Deac, Bogdan Daniel"]
[Result "0-1"]
[WhiteElo "2309"]
[BlackElo "2700"]
[PlyCount "124"]
[EventDate "2023.01.31"]
[EventType "swiss (blitz)"]
[EventRounds "11"]
[EventCountry "USA"]
[SourceTitle "CBM 212 Extra"]
[Source "ChessBase"]
[SourceDate "2023.03.31"]
[SourceVersion "1"]
[SourceVersionDate "2023.03.31"]
[SourceQuality "1"]

1. e4 g6 2. d4 Bg7 3. Nc3 d6 4. Be3 Nc6 5. Qd2 e5 6. d5 Nce7 7. h3 f5 8. exf5 gxf5 9. Bg5 h6 10. Bh4 Nf6 11. f3 Ng6 12. Bf2 h5 13. Be3 h4 14. Bg5 0-0 15. 0-0-0 Qe8 16. Bd3 Nh7 17. Be3 Bd7 18. Kb1 b5 19. Re1 b4 20. Nce2 Qf7 21. Bc4 a5 22. Nc1 a4 23. Qxb4 Rfb8 24. Qd2 Qf6 25. Nge2 Rb7 26. Rd1 Rab8 27. b3 Bb5 28. Bxb5 Rxb5 29. Nc3 axb3 30. Nxb5 bxa2+ 31. Kxa2 Rxb5 32. c4 Rb8 33. Qa5 Qd8 34. Rd3 Ra8 35. Ba7 e4 36. Ra3 Qf6 37. Qb4 Rxa7 38. Rxa7 Qa1+ 39. Kb3 Qxa7 40. fxe4 fxe4 41. Re1 Ng5 42. Na2 Nf4 43. Qb5 Qa8 44. Nb4 Kh7 45. Qc6 Qb8 46. Qb5 Qf8 47. Rf1 Qf6 48. Ka4 e3 49. Qd7 e2 50. Re1 Qg6 51. Qg4 Qf6 52. Qxh4+ Bh6 53. Qg4 Qf7 54. h4 Qe8+ 55. Nc6 Ne4 56. Qf5+ Kh8 57. Rxe2 Nc5+ 58. Kb5 Nxe2 59. Qf6+ Bg7 60. Qg5 Nc3+ 61. Ka5 Qa8+ 62. Kb4 Qa4# 0-1

[Event "Titled Tuesday intern op 31st Jan Early"]
[Site "Chess.com INT"]
[Date "2023.01.31"]
[Round "1"]
[White "Cunha, Lucas Aguiar"]
[Black "Fernandez Siles, Luis"]
[Result "1-0"]
[WhiteElo "2309"]
[BlackElo "2220"]
[PlyCount "79"]
[EventDate "2023.01.31"]
[EventType "swiss (blitz)"]
[EventRounds "11"]
[EventCountry "USA"]
[SourceTitle "CBM 212 Extra"]
[Source "ChessBase"]
[SourceDate "2023.03.31"]
[SourceVersion "1"]
[SourceVersionDate "2023.03.31"]
[SourceQuality "1"]

1. e4 c5 2. Nf3 Nc6 3. Nc3 g6 4. d4 cxd4 5. Nxd4 Bg7 6. Nb3 Nf6 7. g4 d6 8. g5 Nd7 9. Be3 0-0 10. h4 Nb6 11. h5 Ne5 12. Be2 Nbc4 13. Bc1 b5 14. Nxb5 Bb7 15. f4 Bxe4 16. Rf1 Qb6 17. Nc3 Nxb2 18. Bxb2 Nc4 19. Bxc4 Qe3+ 20. Be2 Bxc3+ 21. Bxc3 Qxc3+ 22. Qd2 Qg3+ 23. Rf2 Rac8 24. c4 Qg1+ 25. Rf1 Qg3+ 26. Kd1 d5 27. c5 a5 28. Qxa5 Ra8 29. Qb4 Rfb8 30. Qd4 Ra3 31. c6 Rc8 32. Qc5 d4 33. Qxa3 d3 34. Qb2 dxe2+ 35. Qxe2 Qc3 36. Qxe4 Rxc6 37. Rc1 Rd6+ 38. Ke2 Qb2+ 39. Rc2 Qa3 40. Rc8+ 1-0

[Event "Titled Tuesday intern op 31st Jan Early"]
[Site "Chess.com INT"]
[Date "2023.01.31"]
[Round "7"]
[White "Cunha, Lucas Aguiar"]
[Black "Nguyen, Hong Nhung"]
[Result "1-0"]
[WhiteElo "2309"]
[BlackElo "2003"]
[PlyCount "75"]
[EventDate "2023.01.31"]
[EventType "swiss (blitz)"]
[EventRounds "11"]
[EventCountry "USA"]
[SourceTitle "CBM 212 Extra"]
[Source "ChessBase"]
[SourceDate "2023.03.31"]
[SourceVersion "1"]
[SourceVersionDate "2023.03.31"]
[SourceQuality "1"]

1. e4 c5 2. Nf3 e6 3. d4 cxd4 4. Nxd4 Nc6 5. Nc3 Qc7 6. Ndb5 Qb8 7. Be3 a6 8. Bb6 axb5 9. Nxb5 Bb4+ 10. c3 Ba5 11. Nd6+ Qxd6 12. Qxd6 Bxb6 13. a4 Bd8 14. Bb5 Be7 15. Qg3 Nf6 16. e5 Nh5 17. Qf3 g6 18. Qe4 0-0 19. f4 d6 20. exd6 Bxd6 21. 0-0 Nf6 22. Qd3 Rd8 23. Kh1 Bc7 24. Qf3 Bd7 25. Rad1 Nd5 26. f5 Ne5 27. Qg3 Bxb5 28. axb5 Nc4 29. Qh4 Nce3 30. fxe6 Nxf1 31. exf7+ Kg7 32. Rxf1 Nf4 33. g3 Nd5 34. Qd4+ Kh6 35. c4 Ne7 36. Qe3+ Kg7 37. Qxe7 Bd6 38. f8Q# 1-0

[Event "Titled Tuesday intern op 21st Jun Early"]
[Site "Chess.com INT"]
[Date "2022.06.21"]
[Round "3"]
[White "Cunha, Lucas Aguiar"]
[Black "Migot, Tangi"]
[Result "1-0"]
[WhiteElo "2309"]
[BlackElo "2353"]
[PlyCount "87"]
[EventDate "2022.06.21"]
[EventType "swiss (blitz)"]
[EventRounds "11"]
[EventCountry "USA"]
[SourceTitle "EXT 2023"]
[Source "ChessBase"]
[SourceDate "2022.10.05"]
[SourceVersion "1"]
[SourceVersionDate "2022.10.05"]
[SourceQuality "1"]

1. e4 d5 2. exd5 Qxd5 3. Nc3 Qd8 4. d4 Nf6 5. Nf3 Bg4 6. h3 Bxf3 7. Qxf3 c6 8. Be3 Nbd7 9. Bc4 e6 10. 0-0 Nd5 11. Nxd5 cxd5 12. Bd3 Rc8 13. b3 a6 14. c4 Nf6 15. Rac1 Ba3 16. Rc2 0-0 17. c5 Bb4 18. Ra1 Re8 19. a3 Ba5 20. b4 Bc7 21. a4 e5 22. dxe5 Bxe5 23. Rb1 d4 24. Bd2 Qd5 25. Qd1 Ne4 26. Be1 g6 27. Bc4 Qd7 28. Re2 Bb8 29. Qd3 Nf6 30. Rxe8+ Rxe8 31. g3 Qxh3 32. Qf3 Kg7 33. Qxb7 Rf8 34. Bxa6 Ng4 35. Qg2 Qh5 36. Be2 Qf5 37. Rd1 Ne5 38. Rxd4 h5 39. Bc3 Kh7 40. Rd1 h4 41. Qh1 Kg7 42. Qxh4 Rh8 43. Qd4 Qh5 44. Bxh5 1-0

[Event "Titled Tuesday intern op 21st Jun Early"]
[Site "Chess.com INT"]
[Date "2022.06.21"]
[Round "9"]
[White "Cunha, Lucas Aguiar"]
[Black "Tologontegin, Semetey"]
[Result "1-0"]
[WhiteElo "2309"]
[BlackElo "2378"]
[PlyCount "141"]
[EventDate "2022.06.21"]
[EventType "swiss (blitz)"]
[EventRounds "11"]
[EventCountry "USA"]
[SourceTitle "EXT 2023"]
[Source "ChessBase"]
[SourceDate "2022.10.05"]
[SourceVersion "1"]
[SourceVersionDate "2022.10.05"]
[SourceQuality "1"]

1. e4 c6 2. d4 d5 3. e5 Bf5 4. Nf3 e6 5. Be2 Nd7 6. 0-0 Ne7 7. Nbd2 h6 8. Nb3 g5 9. Ne1 c5 10. c3 c4 11. Nd2 Nc6 12. b3 b5 13. Bh5 Bg7 14. Ba3 Bf8 15. Bxf8 Nxf8 16. Qf3 Bg6 17. Bxg6 Nxg6 18. Nc2 0-0 19. bxc4 bxc4 20. Nxc4 Nxd4 21. cxd4 dxc4 22. Rfd1 Nf4 23. Ne3 Rc8 24. g3 Nd5 25. Ng4 Kg7 26. h3 c3 27. Rac1 Qe7 28. Kg2 Rc4 29. Nh2 Rb8 30. Qd3 Rbb4 31. Nf1 Rxd4 32. Qxd4 Rxd4 33. Rxd4 Qb7 34. Kg1 Qb2 35. Rdd1 Qxa2 36. Re1 Qb2 37. Rb1 Qc2 38. Rec1 Qe4 39. Re1 Qf5 40. Kg2 h5 41. Rbc1 g4 42. hxg4 hxg4 43. Ne3 Qf3+ 44. Kg1 a5 45. Nxd5 exd5 46. Re3 d4 47. Rxf3 gxf3 48. Kf1 Kg6 49. Ke1 Kf5 50. Ra1 d3 51. Rxa5 Ke4 52. Kd1 Kd4 53. Ra7 Kxe5 54. Rxf7 Kd4 55. Rf4+ Kc5 56. Rxf3 Kc4 57. Re3 Kb3 58. Rxd3 Kb2 59. Rxc3 Kxc3 60. Ke2 Kd4 61. Kf3 Ke5 62. Kg4 Kf6 63. Kh5 Kg7 64. Kg5 Kf7 65. Kh6 Kg8 66. Kg6 Kh8 67. Kf7 Kh7 68. g4 Kh6 69. f4 Kh7 70. g5 Kh8 71. f5 1-0

[Event "Titled Tuesday intern op 21st Jun Early"]
[Site "Chess.com INT"]
[Date "2022.06.21"]
[Round "5"]
[White "Lashkin, Jegor"]
[Black "Cunha, Lucas Aguiar"]
[Result "1-0"]
[WhiteElo "2399"]
[BlackElo "2309"]
[PlyCount "91"]
[EventDate "2022.06.21"]
[EventType "swiss (blitz)"]
[EventRounds "11"]
[EventCountry "USA"]
[SourceTitle "EXT 2023"]
[Source "ChessBase"]
[SourceDate "2022.10.05"]
[SourceVersion "1"]
[SourceVersionDate "2022.10.05"]
[SourceQuality "1"]

1. d4 Nf6 2. c4 e6 3. Nf3 b6 4. a3 c5 5. d5 exd5 6. cxd5 g6 7. Nc3 d6 8. e4 Bg7 9. Bd3 0-0 10. h3 Ba6 11. 0-0 Re8 12. Bf4 Bf8 13. Re1 Bxd3 14. Qxd3 Nbd7 15. Nb5 Qb8 16. a4 a6 17. Na3 Qc7 18. Rac1 Nh5 19. Bh2 Bh6 20. Nc4 Bf4 21. Bxf4 Nxf4 22. Qd2 Nh5 23. e5 dxe5 24. d6 Qd8 25. Nfxe5 Nhf6 26. Nc6 Rxe1+ 27. Rxe1 Qf8 28. Qf4 b5 29. Ne7+ Kh8 30. Ne5 Qg7 31. Qf3 Rb8 32. Nxd7 Nxd7 33. Qc6 Nf8 34. Qc7 Ra8 35. d7 Qd4 36. Qc8 Qd2 37. Re3 Qd1+ 38. Kh2 Qd6+ 39. g3 Qd2 40. Qxa8 Qxf2+ 41. Qg2 Qxe3 42. d8Q Kg7 43. Nd5 Qe5 44. axb5 axb5 45. Qc7 Qe6 46. Qxc5 1-0

[Event "Titled Tuesday intern op 21st Jun Early"]
[Site "Chess.com INT"]
[Date "2022.06.21"]
[Round "10"]
[White "Vakhlamov, Igor L"]
[Black "Cunha, Lucas Aguiar"]
[Result "1-0"]
[WhiteElo "2413"]
[BlackElo "2309"]
[PlyCount "61"]
[EventDate "2022.06.21"]
[EventType "swiss (blitz)"]
[EventRounds "11"]
[EventCountry "USA"]
[SourceTitle "EXT 2023"]
[Source "ChessBase"]
[SourceDate "2022.10.05"]
[SourceVersion "1"]
[SourceVersionDate "2022.10.05"]
[SourceQuality "1"]

1. e4 c5 2. Nf3 e6 3. Nc3 Nc6 4. Bb5 Nge7 5. 0-0 Qc7 6. d4 cxd4 7. Nxd4 Nxd4 8. Qxd4 Nc6 9. Bxc6 bxc6 10. e5 Rb8 11. Bf4 Rxb2 12. Ne4 Rb4 13. c4 c5 14. Qc3 Qc6 15. Rfe1 Bb7 16. a3 Rb6 17. f3 Be7 18. h4 0-0 19. h5 f5 20. exf6 gxf6 21. Rad1 d5 22. cxd5 exd5 23. Ng3 d4 24. Qc4+ Qd5 25. Qxd5+ Bxd5 26. Rxe7 Rf7 27. Re8+ Rf8 28. Re7 Rf7 29. Nf5 Re6 30. Rxe6 Bxe6 31. Nh6+ 1-0

[Event "Titled Tuesday intern op 17th May Early"]
[Site "Chess.com INT"]
[Date "2022.05.17"]
[Round "10"]
[White "Cunha, Lucas Aguiar"]
[Black "Bach, Ngoc Thuy Duong"]
[Result "1-0"]
[WhiteElo "2328"]
[BlackElo "2192"]
[PlyCount "103"]
[EventDate "2022.05.17"]
[EventType "swiss (blitz)"]
[EventRounds "11"]
[EventCountry "USA"]
[SourceTitle "CBM 208 Extra"]
[Source "ChessBase"]
[SourceDate "2022.07.31"]
[SourceVersion "1"]
[SourceVersionDate "2022.07.31"]
[SourceQuality "1"]

1. e4 c5 2. Nf3 d6 3. d4 cxd4 4. Qxd4 a6 5. Be2 Nc6 6. Qe3 g6 7. 0-0 Bg7 8. Rd1 Bg4 9. c4 Bxf3 10. Bxf3 Nf6 11. Be2 Nd7 12. Nc3 0-0 13. b3 Nc5 14. Bb2 Ne6 15. Rd2 Ned4 16. Bf1 e5 17. Rad1 f5 18. exf5 gxf5 19. Nd5 Qh4 20. f4 Rae8 21. Qf2 Qh5 22. Rd3 Kh8 23. R1d2 Ne6 24. Rh3 Qg6 25. Be2 Nc5 26. Bh5 Qe6 27. Bxe8 Qxe8 28. fxe5 Nxe5 29. Re2 Qf7 30. Bxe5 Bxe5 31. Rxe5 dxe5 32. Qxc5 e4 33. Qd4+ Qg7 34. Qxg7+ Kxg7 35. Rc3 Rd8 36. Kf2 Kf7 37. Ke3 Ke6 38. g4 Ke5 39. gxf5 Kxf5 40. Rc2 Ke5 41. Rg2 h6 42. Rg6 b5 43. Rxh6 bxc4 44. Rh5+ Ke6 45. bxc4 Rb8 46. Kxe4 Rb2 47. Rh6+ Kd7 48. c5 Rxa2 49. c6+ Kd8 50. c7+ Kd7 51. Rh7+ Kd6 52. c8Q 1-0

[Event "Titled Tuesday intern op 17th May Early"]
[Site "Chess.com INT"]
[Date "2022.05.17"]
[Round "6"]
[White "Eggleston, Thomas"]
[Black "Cunha, Lucas Aguiar"]
[Result "1-0"]
[WhiteElo "2203"]
[BlackElo "2328"]
[PlyCount "87"]
[EventDate "2022.05.17"]
[EventType "swiss (blitz)"]
[EventRounds "11"]
[EventCountry "USA"]
[SourceTitle "CBM 208 Extra"]
[Source "ChessBase"]
[SourceDate "2022.07.31"]
[SourceVersion "1"]
[SourceVersionDate "2022.07.31"]
[SourceQuality "1"]

1. e4 c5 2. Nf3 e6 3. c3 d5 4. exd5 Qxd5 5. d4 Nf6 6. Be2 Be7 7. 0-0 0-0 8. c4 Qd6 9. dxc5 Qxc5 10. Nc3 b6 11. Be3 Qa5 12. Nb5 a6 13. Nbd4 Bb7 14. Nb3 Qh5 15. Bxb6 Nbd7 16. Be3 Rfd8 17. Qc1 a5 18. h3 a4 19. Nbd4 a3 20. Ng5 Qg6 21. bxa3 h6 22. Bf3 Bxf3 23. Ngxf3 Rdc8 24. Nb5 Qe4 25. Nd2 Qc6 26. Qb2 Qa6 27. Rfc1 Nc5 28. Qe5 Nd3 29. Qg3 Nxc1 30. Rxc1 Nh5 31. Qf3 Nf6 32. Nb3 Bxa3 33. Nxa3 Qxa3 34. Rc2 Qb4 35. Bd2 Qe7 36. c5 Nd5 37. Bc1 Nb4 38. Re2 Rxa2 39. Bb2 Qd7 40. Qg4 f5 41. Qxb4 Qd1+ 42. Re1 Qd5 43. Qc3 Qd7 44. Nd4 1-0

[Event "Titled Tuesday intern op 17th May Early"]
[Site "Chess.com INT"]
[Date "2022.05.17"]
[Round "11"]
[White "Nechaeva, Marina"]
[Black "Cunha, Lucas Aguiar"]
[Result "0-1"]
[WhiteElo "2365"]
[BlackElo "2328"]
[PlyCount "116"]
[EventDate "2022.05.17"]
[EventType "swiss (blitz)"]
[EventRounds "11"]
[EventCountry "USA"]
[SourceTitle "CBM 208 Extra"]
[Source "ChessBase"]
[SourceDate "2022.07.31"]
[SourceVersion "1"]
[SourceVersionDate "2022.07.31"]
[SourceQuality "1"]

1. d4 Nf6 2. Nf3 c5 3. d5 b5 4. c4 Bb7 5. a4 b4 6. Nbd2 g6 7. e4 Bg7 8. Bd3 0-0 9. 0-0 d6 10. Re1 Nbd7 11. Ra2 Qc7 12. b3 Rae8 13. Nf1 e6 14. dxe6 Rxe6 15. Rae2 Rfe8 16. Ng3 h6 17. Bc2 Bc6 18. Bf4 Bf8 19. Rd2 g5 20. Be3 Nxe4 21. Bxe4 Bxe4 22. Nxe4 Rxe4 23. h4 g4 24. Nh2 g3 25. Nf1 gxf2+ 26. Bxf2 Rxe1 27. Bxe1 Ne5 28. Bg3 Qc8 29. Bxe5 Rxe5 30. Rd3 Qf5 31. Ne3 Qf4 32. Qg4+ Qxg4 33. Nxg4 Re6 34. Ne3 Bg7 35. Nf5 Be5 36. g3 h5 37. Kg2 Kh7 38. Kh3 Kg6 39. g4 Rf6 40. Ne7+ Kh7 41. gxh5 Rf2 42. Kg4 Kg7 43. Nf5+ Kf6 44. Nxd6 Ke6 45. Nb7 f5+ 46. Kg5 Rg2+ 47. Kh6 Bd4 48. Nd8+ Ke5 49. Nf7+ Ke4 50. Rh3 f4 51. Ng5+ Kf5 52. Kh7 Rg3 53. Rh1 Rxb3 54. h6 f3 55. Kg8 f2 56. h7 Rg3 57. Rf1 Kg6 58. Rxf2 Re3 0-1